| 000 | 00724nam a22002417a 4500 | ||
|---|---|---|---|
| 005 | 20170124110202.0 | ||
| 010 | _aA-939371 | ||
| 020 |
_a8120313011 _c175.00 |
||
| 035 | _aA-939371 | ||
| 037 | _bCen Lib/Ret | ||
| 040 |
_aDPL _bEN |
||
| 082 |
_a005.369 _bMAL |
||
| 100 |
_aMaloney, Eric _936431 |
||
| 245 |
_aFront page 97 _cby Eric Maloney [and] Joshua C. Nossiter |
||
| 250 | _a6th ed | ||
| 260 |
_a New Delhi _bPrentice hall of India _c1998 |
||
| 270 |
_aM-97, Connaught circus _b New Delhi _e110001 |
||
| 300 |
_avarious pagings _c21cm(Hb) |
||
| 650 |
_aComputer science _936432 |
||
| 650 |
_aWeb pages _936433 |
||
| 700 |
_aNossiter, Joshua C. _936434 |
||
| 942 |
_2ddc _cEN _h005.369 _mMAL |
||
| 999 |
_c132993 _d132993 |
||